Catálogo

Vista normal Vista MARC

Entrada Personal Name

Número de registros utilizados en: 4

001 - CONTROL NUMBER

  • control field: 10743

003 - CONTROL NUMBER IDENTIFIER

  • control field: DLC

005 - DATE AND TIME OF LATEST TRANSACTION

  • control field: 20210420121054.0

008 - FIXED-LENGTH DATA ELEMENTS

  • fixed length control field: 940928n| azannaabn |a aaa

010 ## - LIBRARY OF CONGRESS CONTROL NUMBER

  • LC control number: n 94093034

035 ## - SYSTEM CONTROL NUMBER

  • System control number: (OCoLC)oca03688381

040 ## - CATALOGING SOURCE

  • Original cataloging agency: DLC
  • Language of cataloging: spa
  • Description conventions: rda
  • Transcribing agency: Mx-PuUPA
  • Modifying agency: UPB
  • Modifying agency: OCoLC
  • Modifying agency: ICrlF
  • Modifying agency: Mx-PuUPA

046 ## - SPECIAL CODED DATES

  • Birth date: 1951
  • Source of date scheme: edtf

053 #0 - LC CLASSIFICATION NUMBER

  • Classification number element--single number or beginning number of span: PQ6657.O436

100 1# - HEADING--PERSONAL NAME

  • Personal name: Gómez Cerdá, Alfredo,
  • Dates associated with a name: 1951-

370 ## - ASSOCIATED PLACE

  • Place of birth: Madrid (España)
  • Source of term: naf

372 ## - FIELD OF ACTIVITY

  • Field of activity: Literatura infantil
  • Field of activity: Literatura para jóvenes adultos
  • Source of term: lcsh

374 ## - OCCUPATION

  • Occupation: Autor
  • Source of term: lcsh

375 ## - GENDER

  • Gender: hombre
  • Source of term: lcdgt

377 ## - ASSOCIATED LANGUAGE

  • Language code: spa

400 1# - SEE FROM TRACING--PERSONAL NAME

  • Personal name: Cerdá, Alfredo Gómez
  • Dates associated with a name: 1951-

670 ## - SOURCE DATA FOUND

  • Source citation: Peregrinos del Amazonas, 1994:
  • Information found: t.p. (Alfredo Gómez Cerdá)

670 ## - SOURCE DATA FOUND

  • Source citation: Sin máscaras, c1998:
  • Information found: t.p. (Alfredo Gómez Cerdá) p. 4 of cover (b. 1951 in Madrid, licenciado en Filología española)

670 ## - SOURCE DATA FOUND

  • Source citation: Spain is Culture website, Oct. 23, 2018
  • Information found: (Alfredo Gómez Cerdá ; He was born in Madrid in 1951 and studied Hispanic Philology. After a short time as a scriptwriter and adapting novels, he entered for the Barco del Vapor Prize with his story 'Las palabras mágicas', winning second prize and launching a prolific career as a writer for children and teenagers. His books have been published in several European countries (France, Portugal, Germany, Denmark, etc.), America (Canada, USA, Mexico, etc.) and Asia (Korean, Lebanon and China). In 2009, he won the National Children's and Teenage Literature Award for 'Barro de Medellín'. His writings are rich and varied both in subject matter and types, and this has gained him innumerable prizes. He has also worked with the media.)

670 ## - SOURCE DATA FOUND

  • Source citation: Las palabras mágicas, 2016:
  • Information found: t.p. (Alfredo Gómez Cerdá) de portada

670 ## - SOURCE DATA FOUND

  • Source citation: Biblioteca del congreso (Estados Unidos), 11 marzo 2020:
  • Information found: . Catálogo electrónico
  • Uniform Resource Identifier: http://bit.ly/3aIwjMw